[Event "Mogliano Veneto op 42nd"]
[Site "Mogliano Veneto"]
[Date "2021.04.25"]
[Round "5"]
[White "Gaiotto, Alvise"]
[Black "Ulrich, Samuel"]
[Result "0-1"]
[WhiteElo "1020"]
[BlackElo "999"]
[PlyCount "68"]
[EventDate "2021.04.23"]
[EventType "swiss"]
[EventRounds "5"]
[EventCountry "ITA"]
[SourceTitle "EXT 2023"]
[Source "ChessBase"]
[SourceDate "2022.10.05"]
[SourceVersion "1"]
[SourceVersionDate "2022.10.05"]
[SourceQuality "1"]

1. e4 e5 2. Nf3 Nc6 3. d4 exd4 4. Nxd4 Nf6 5. Nc3 Bb4 6. f3 0-0 7. Bf4 Bxc3+ 8. bxc3 d6 9. Bc4 Re8 10. Nxc6 bxc6 11. Rb1 d5 12. Be2 dxe4 13. Qxd8 Rxd8 14. fxe4 Nxe4 15. Bf3 Nxc3 16. Rb3 Nd5 17. Bg3 Ba6 18. Bxd5 cxd5 19. Bxc7 Re8+ 20. Kf2 h6 21. Re1 Rec8 22. Rc3 Bc4 23. Ba5 Bxa2 24. Rxc8+ Rxc8 25. c3 Rc5 26. Bb4 Rc7 27. Re2 Bc4 28. Re7 Rxe7 29. Bxe7 a5 30. Kf3 f6 31. Kf4 Kf7 32. Bc5 g6 33. g4 g5+ 34. Kf5 Bd3# 0-1

[Event "Mogliano Veneto op 42nd"]
[Site "Mogliano Veneto"]
[Date "2021.04.25"]
[Round "4"]
[White "Ulrich, Samuel"]
[Black "Mazzella, Riccardo"]
[Result "1-0"]
[WhiteElo "999"]
[BlackElo "1268"]
[PlyCount "67"]
[EventDate "2021.04.23"]
[EventType "swiss"]
[EventRounds "5"]
[EventCountry "ITA"]
[SourceTitle "EXT 2023"]
[Source "ChessBase"]
[SourceDate "2022.10.05"]
[SourceVersion "1"]
[SourceVersionDate "2022.10.05"]
[SourceQuality "1"]

1. d4 d5 2. Bf4 Nf6 3. e3 Bf5 4. Nf3 h6 5. Bd3 Bxd3 6. Qxd3 e6 7. Nbd2 Bd6 8. Bg3 Nc6 9. a3 0-0 10. 0-0 Re8 11. Rfe1 Bxg3 12. hxg3 e5 13. dxe5 Nxe5 14. Qb3 b6 15. Rad1 Qc8 16. Nxe5 Rxe5 17. Nf3 c6 18. Nxe5 Qf5 19. Nf3 Rd8 20. Qd3 Qd7 21. Ne5 Qc7 22. Nf3 c5 23. c4 d4 24. exd4 cxd4 25. Nxd4 Qd7 26. Qc3 Qb7 27. Nf3 Rc8 28. Re2 b5 29. Qb4 Rxc4 30. Qd2 Ne4 31. Qd8+ Kh7 32. Qd3 f5 33. Nd2 Nc5 34. Qxf5+ 1-0

[Event "Mogliano Veneto op 42nd"]
[Site "Mogliano Veneto"]
[Date "2021.04.24"]
[Round "2"]
[White "Ulrich, Samuel"]
[Black "Timagina, Sofia"]
[Result "0-1"]
[WhiteElo "999"]
[BlackElo "1235"]
[PlyCount "64"]
[EventDate "2021.04.23"]
[EventType "swiss"]
[EventRounds "5"]
[EventCountry "ITA"]
[SourceTitle "EXT 2023"]
[Source "ChessBase"]
[SourceDate "2022.10.05"]
[SourceVersion "1"]
[SourceVersionDate "2022.10.05"]
[SourceQuality "1"]

1. e4 e5 2. Nf3 Nc6 3. Bb5 Nge7 4. 0-0 g6 5. d3 Bg7 6. Be3 0-0 7. Re1 a6 8. Ba4 b5 9. Bb3 d6 10. Qd2 Kh8 11. Bh6 f5 12. Bxg7+ Kxg7 13. Nc3 f4 14. d4 Qe8 15. Ng5 Nxd4 16. Nd5 Nxd5 17. Bxd5 c6 18. c3 h6 19. cxd4 hxg5 20. Bb3 Rh8 21. Qc3 g4 22. Rac1 Bd7 23. d5 c5 24. Bd1 Qe7 25. g3 f3 26. Bxf3 gxf3 27. Qxf3 Raf8 28. Qe2 Qf6 29. Rf1 Bh3 30. Rfd1 Bg4 31. Qxg4 Qxf2+ 32. Kh1 Qxh2# 0-1